| 000 | 00499nam a2200169Ia 4500 | ||
|---|---|---|---|
| 003 | GCL | ||
| 008 | 140319s9999 xx 000 0 ara d | ||
| 040 |
_aGCL / _cGCL |
||
| 082 | 0 | 4 |
_a301.31 _bم ت |
| 100 | 1 | _aمحمد يسرى ابراهيم دعبس | |
| 245 | 1 | 0 |
_aتلوث الهواء وكيف نواجهه / _cمحمد يسرى ابراهيم دعبس |
| 300 | _a152 ص | ||
| 490 |
_aكتاب _v0 |
||
| 650 | 0 | 4 | _aتلوث البيئة |
| 650 | 0 | 4 | _aالهواء - تلوث |
| 942 |
_2ddc _cBK |
||
| 999 |
_c42249 _d42249 |
||